Modern electronic communication

Furkejuvvon:
Bibliográfalaš dieđut
Váldodahkki: Miller, Gary M. (autor)
Materiálatiipa: Girji
Giella:eaŋgalasgiella
Almmustuhtton: Englewood Cliffs Prentice-Hall 1988
Preanttus:3a. ed
Fáttát:
Fáddágilkorat: Lasit fáddágilkoriid
Eai fáddágilkorat, Lasit vuosttaš fáddágilkora!

MARC

LEADER 00000nam a2200000 a 4500
001 UCV6287
003 CL-VaPUC
008 901211e19880000US |||||||||||||||||eng|d
082 0 4 |a 621.384  |b MIL  |2 21 
100 |a Miller, Gary M.  |e autor  |9 363661 
245 1 0 |a Modern electronic communication 
250 |a 3a. ed 
300 |a 626 p 
942 |c BK 
945 |d 19901211 00:00:00 
260 |a Englewood Cliffs  |b Prentice-Hall  |c 1988 
650 7 |a SISTEMAS DE TELECOMUNICACION  |2 CL-VaPUC  |9 260753 
650 7 |a RUIDO  |2 CL-VaPUC  |9 263306 
650 7 |a MEDICION DEL RUIDO  |2 CL-VaPUC  |9 263307 
650 7 |a MODULACION ELECTRONICA  |2 CL-VaPUC  |9 263308 
650 0 |a Televisión  |9 256845 
650 0 |a Comunicación digital   |9 260754 
650 0 |a Antenas  |9 263309 
650 0 |a Electrónica   |9 263192 
650 7 |a GUIAS DE ONDAS  |2 CL-VaPUC  |9 263310 
650 0 |a Microondas  |9 263311 
650 7 |a LASERS  |2 CL-VaPUC  |9 260160 
650 0 |a Fibras ópticas   |9 263145 
583 |a last modification  |c 20170529 01:59:59  |k Rodrigo Vera 
999 |c 212439  |d 212437 
952 |0 0  |1 0  |4 0  |6 621_384000000000000_MIL_1988  |7 0  |8 A  |9 193420  |a BIBING  |b BIBING  |d 2019-11-14  |i 2612526  |o 621.384 MIL 1988  |p 2612526  |r 2025-01-20  |w 2019-11-14  |y BK  |k EIE